00314nam a2200133Ia 4500008004100000020001500041041001200056082001600068100001900084245002000103260003400123300000900157650001400166221030s9999 xx 000 0 und d a8186340742 aEnglish a105.23bBas aS. K. Basandra 0aComputers Today bGalgotia PubaNew Delhic2005 a1616 aComputers